Geboren in Kitzbühel - Statistiken

Allgemein
  • Dieses Quiz wurde 22 mal gespielt
  • Das Durchschnittsergebnis liegt bei 4 aus 8
Antwortstatistiken
Hinweis Antwort % Korrekt
Schlagersänger und ehemaliger Skirennläufer 1954 Hansi Hinterseer
90%
ehemaliger Skirennläufer und Olympiasieger im Slalom 1932 Ernst Hinterseer
76%
Fußballnationalspieler, Hansa Rostock (früher Hamburger SV, Ingolstadt und Bochum) 1991 Lukas Hinterseer
76%
ehemaliger Skirennläufer, dreifacher Olympiasieger und siebenfacher Weltmeister 1935 Toni Sailer
57%
Biathletin, Weltmeisterin im Massenstart und Einzelweltcupsiegerin in der Saison 2020/21 1993 Lisa Theresa Hauser
43%
ehemaliger Skilangläufer, Weltmeister und olympischer Silbermedaillengewinner 1966 Markus Gandler
10%
Bergsteiger und Mitreisender von Heinrich Harrer, der im Film "Sieben Jahre in Tibet" von David Thewlis dargestellt wird 1899 Peter Aufschnaiter
5%
Regisseur, "Große Freiheit" "Stilleben" "Outing" 1976 Sebastian Meise
0%
Keine übereinstimmenden Quizze gefunden
Verteilung der Resultate
Anzahl Personen mit jedem Resultat
Perzentil nach korrekt beantworteten Fragen
Ihre Resultats-Entwicklung
Sie haben dieses Quiz noch nicht gespielt